000 00817nam a2200265 i 4500
001 20056
003 ES-MaACL
005 20231226202702.0
007 t|
008 021122s1997 sp ||||1| spa d
020 _a84-86723-23-X
080 _a821.134.2-31"18"
100 1 _aPalacio Valdés, Armando,
_d1853-1938
_988382
245 1 0 _aArmando Palacio Valdés /
_c[prólogo por Leopoldo Sánchez Torre].
260 _aOviedo :
_bHércules Astur,
_c[1997]
300 _a491 p. :
_bil. ;
_c18 cm.
490 1 _aGrandes autores asturianos
505 8 _aContiene: Marta y María ; José
700 1 _aSánchez Torre, Leopoldo.
_9102956
740 0 _aMarta y María.
740 0 _aJosé.
830 0 _aGrandes autores asturianos
_9180672
852 _aES-MaACL
_jL-26050
_bR.131923
999 _c20056
_d20056